Statistics for Flowers in the Answer

Click here to take the quiz!

General Stats

  • This quiz has been taken 16,553 times
    (10,813 since last reset)
  • The average score is 13 of 20

Answer Stats

Clue Answer % Correct
Colored part of the eye{Iris}
96%
Oldest college bowl game{Rose} Bowl
96%
Donald Duck's girlfriend{Daisy} Duck
84%
Type of muffin{Poppy} Seed
82%
Snack in baseball dugouts{Sunflower} Seeds
79%
Aladdin's love interest{Jasmine}
75%
Ashes, ashes, we all fall downPocketful of {Posies}
73%
1989 female bonding movieSteel {Magnolias}
72%
Harry Potter's mom{Lily} Potter
68%
Investment bubble in 1600s Netherlands{Tulip} Mania
63%
I need you (I need you) more
than anyone, darlin
Build Me Up
{Buttercup}
63%
Shy personShrinking {Violet}
60%
Cross-legged Indian pose{Lotus} Position
60%
Australian rapperIggy {Azalea}
59%
Greek legend who fell in love
with his own reflection
{Narcissus}
52%
Brand of evaporated milk{Carnation}
50%
Painted by Claude Monet{Water} {Lilies}
49%
School-shooting site{Columbine}
48%
"Sound of Music" song{Edelweiss}
48%
Porky's girlfriend{Petunia} Pig
44%

Score Distribution

Percentile by Number Answered

Percent of People with Each Score

Your Score History

You have not taken this quiz since the last reset